| 000 | 00664nam a2200193 a 4500 | ||
|---|---|---|---|
| 001 | BRCA_479 | ||
| 003 | FranzMayer | ||
| 005 | 20230918125838.0 | ||
| 008 | 030818s2003 mx-a---##c---#000-0dspa-# | ||
| 040 |
_aDLC _cDLC |
||
| 050 | 4 |
_aNK4031 _b.B54 1 |
|
| 245 | 1 | 0 |
_a1 [i.e. Primera] Bienal de Cerámica Utilitaria _bMuseo Franz Mayer. |
| 260 |
_aMéxico _bMuseo Franz Mayer _c[2003] |
||
| 300 |
_a56 p. _bil. a color _c22 cm. |
||
| 500 | _aUn ejemplar en Anexo 1 | ||
| 500 | _aCatálogo de la exposición realizada en el Museo Franz Mayer (Ciudad de México), 6 marzo - 1 junio, 2003 | ||
| 650 | 1 | 4 |
_aCerámica mexicana _vExposiciones _ySiglo XXI _91649 |
| 942 |
_2lcc _cB |
||
| 999 |
_c414 _d414 |
||